000 00761nam a22002537a 4500
001 BR9508885
003 BR-BrBNA
005 20230928094744.0
007 ta
008 230509b bl.||||| |||| 00| 0 por d
040 _aBR-BrBNA
_bpor
_cBiblioteca Nacional de Agricultura
041 _a(Por)
072 _aL01
_b6100
090 _ 6100 BR9508885
110 1 _aUniao Brasileira de Avicultura, Rio de Janeiro, RJ (Brasil)
_910322
111 1 _a9. Congresso Brasileiro de Avicultura
_cBrasilia, DF (Brazil)
_d6-9 Aug 1985
245 1 _a9. Congresso Brasileiro de Avicultura
260 3 _aRio de Janeiro, RJ (Brasil):
_c1985.
300 _a149 p.
500 _aSummary only
650 _aAvicultura
909 _a202309
_bLucia
_c55
_dLucia Elande
942 _cBK
999 _c52464
_d52464